|
|
|
|
| LEADER |
00715nab a2200181 i 4500 |
| 001 |
misc24635 |
| 005 |
20191111110648.0 |
| 008 |
171012s1885 hu o 0|| zxx d |
| 040 |
|
|
|a SZTE Miscellanea Repozitórium
|b hun
|
| 041 |
|
|
|a zxx
|
| 100 |
1 |
|
|a Cicero Marcus Tullius
|
| 245 |
1 |
0 |
|a M. Tullii Ciceronis de Officiis ad Marcum Filium liber primus
|h [elektronikus dokumentum] /
|c Cicero Marcus Tullius
|
| 260 |
|
|
|c 1885
|
| 300 |
|
|
|a 25-104
|
| 490 |
0 |
|
|a Kolligátum
|
| 695 |
|
|
|a Filozófia - ókori - római - i. e. 1. sz., Kötelesség - erkölcsfilozófia, Latin irodalom - bölcseleti, Latin irodalom - próza
|
| 700 |
0 |
1 |
|a Heine Otto
|
| 856 |
4 |
0 |
|u http://misc.bibl.u-szeged.hu/24635/1/011_023_025-104.pdf
|z Dokumentum-elérés
|